|
|
|
|
| LEADER |
01702cas a2200241 a 4500 |
| 001 |
AALejournalIMF007264 |
| 008 |
230101c9999 xx r poo 0 0eng d |
| 020 |
|
|
|c 5.00 USD
|
| 020 |
|
|
|z 9781455288656
|
| 022 |
|
|
|a 1934-7685
|
| 040 |
|
|
|a BD-DhAAL
|c BD-DhAAL
|
| 110 |
2 |
|
|a International Monetary Fund.
|
| 245 |
1 |
0 |
|a Luxembourg :
|b Financial System Stability Assessment; Update.
|
| 264 |
|
1 |
|a Washington, D.C. :
|b International Monetary Fund,
|c 2011.
|
| 300 |
|
|
|a 1 online resource (69 pages)
|
| 490 |
1 |
|
|a IMF Staff Country Reports
|
| 500 |
|
|
|a <strong>Off-Campus Access:</strong> No User ID or Password Required
|
| 500 |
|
|
|a <strong>On-Campus Access:</strong> No User ID or Password Required
|
| 506 |
|
|
|a Electronic access restricted to authorized BRAC University faculty, staff and students
|
| 520 |
3 |
|
|a Luxembourg hosts a large international financial center that plays a pivotal role in its economy and in European financial markets. The crisis exposed significant vulnerabilities in Luxembourg's financial system, owing to large cross-border exposures to foreign parent banks. The authorities proceeded with large public support to systemically important financial institutions under stress and with a fivefold increase in the deposit guarantee. Strengthening home-host supervisory collaboration and cross-border bank resolution frameworks will be of crucial importance for Luxembourg. Financial stability assessment and stress tests are also carried out.
|
| 538 |
|
|
|a Mode of access: Internet
|
| 830 |
|
0 |
|a IMF Staff Country Reports; Country Report ;
|v No. 2011/148
|
| 856 |
4 |
0 |
|z Full text available on IMF
|u http://elibrary.imf.org/view/journals/002/2011/148/002.2011.issue-148-en.xml
|z IMF e-Library
|